000 00558nam a2200193Ia 4500
003 GCL
008 140319s9999 xx 000 0 ara d
020 _a2310149977
040 _aGCL /
_cGCL
082 0 4 _a814.008
_bا م
100 1 _aانيس منصور
245 1 0 _aمذكرات شاب غاضب /
_cانيس منصور
250 _aالسادسة
260 _aالقاهرة :
_bدار الشروق ،
_c2005
300 _a217 ص ؛
_c19سم
650 0 4 _aالادب العربى
650 0 4 _aالمقالات العربية
942 _2ddc
_cBK
999 _c39273
_d39273